<?xml version="1.0" encoding="UTF-8"?><?xml-stylesheet type="text/xsl" href="static/style.xsl"?><OAI-PMH xmlns="http://www.openarchives.org/OAI/2.0/" xmlns:xsi="http://www.w3.org/2001/XMLSchema-instance" xsi:schemaLocation="http://www.openarchives.org/OAI/2.0/ http://www.openarchives.org/OAI/2.0/OAI-PMH.xsd"><responseDate>2026-04-13T00:01:41Z</responseDate><request verb="GetRecord" identifier="oai:www.recercat.cat:2445/126938" metadataPrefix="marc">https://recercat.cat/oai/request</request><GetRecord><record><header><identifier>oai:recercat.cat:2445/126938</identifier><datestamp>2025-12-05T12:13:04Z</datestamp><setSpec>com_2072_1057</setSpec><setSpec>col_2072_478916</setSpec><setSpec>col_2072_478917</setSpec><setSpec>col_2072_478927</setSpec></header><metadata><record xmlns="http://www.loc.gov/MARC21/slim" xmlns:dcterms="http://purl.org/dc/terms/" xmlns:xsi="http://www.w3.org/2001/XMLSchema-instance" xmlns:doc="http://www.lyncode.com/xoai" xsi:schemaLocation="http://www.loc.gov/MARC21/slim http://www.loc.gov/standards/marcxml/schema/MARC21slim.xsd">
   <leader>00925njm 22002777a 4500</leader>
   <datafield ind2=" " ind1=" " tag="042">
      <subfield code="a">dc</subfield>
   </datafield>
   <datafield ind2=" " ind1=" " tag="720">
      <subfield code="a">Gay Escoda, Cosme</subfield>
      <subfield code="e">author</subfield>
   </datafield>
   <datafield ind2=" " ind1=" " tag="720">
      <subfield code="a">Pérez Álvarez, Débora</subfield>
      <subfield code="e">author</subfield>
   </datafield>
   <datafield ind2=" " ind1=" " tag="720">
      <subfield code="a">Camps Font, Octavi</subfield>
      <subfield code="e">author</subfield>
   </datafield>
   <datafield ind2=" " ind1=" " tag="720">
      <subfield code="a">Barbosa de Figueiredo, Rui Pedro</subfield>
      <subfield code="e">author</subfield>
   </datafield>
   <datafield ind2=" " ind1=" " tag="260">
      <subfield code="c">2018-12-13T09:16:56Z</subfield>
   </datafield>
   <datafield ind2=" " ind1=" " tag="260">
      <subfield code="c">2018-12-13T09:16:56Z</subfield>
   </datafield>
   <datafield ind2=" " ind1=" " tag="260">
      <subfield code="c">2016-05-01</subfield>
   </datafield>
   <datafield ind2=" " ind1=" " tag="260">
      <subfield code="c">2018-12-13T09:16:56Z</subfield>
   </datafield>
   <datafield ind2=" " ind1=" " tag="520">
      <subfield code="a">Background: The existing information on oral rehabilitations with dental implants in VIH-positive patients is scarce and of poor quality. Moreover, no long-term follow-up studies are available. Hence, the aims of this study were to describe the long-term survival and success rates of dental implants in a group of HIV-positive patients and to identify the most common postoperative complications, including peri-implant diseases. Material and Methods: A retrospective case series of HIV-positive subjects treated with dental implants at the School of Dentistry of the University of Barcelona (Spain) was studied. Several clinical parameters were registered, including CD4 cell count, viral load and surgical complications. Additionally, the patients were assessed for implant survival and success rates and for the prevalence of peri-implant diseases. A descriptive statistical analysis of the data was performed. Results: Nine participants (57 implants) were included. The patients' median age was 42 years (IQR= 13.5 years). The implant survival and success rates were 98.3% and 68.4%, respectively, with a mean follow-up of 77.5 months (SD= 16.1 months). The patient-based prevalence of peri-implant mucositis and peri-implantitis were 22.2% and 44.4% respectively at the last appointment. Patients that attended regular periodontal maintenance visits had significantly less mean bone loss than non-compliant patients (1.3 mm and 3.9 mm respectively). Conclusions: Oral rehabilitation with dental implants in HIV-positive patients seems to provide satisfactory results. In order to reduce the considerably high prevalence of peri-implant diseases, strict maintenance programmes must be implemented.</subfield>
   </datafield>
   <datafield tag="653" ind2=" " ind1=" ">
      <subfield code="a">Persones seropositives</subfield>
   </datafield>
   <datafield tag="653" ind2=" " ind1=" ">
      <subfield code="a">Implants dentals</subfield>
   </datafield>
   <datafield tag="653" ind2=" " ind1=" ">
      <subfield code="a">Complicacions (Medicina)</subfield>
   </datafield>
   <datafield tag="653" ind2=" " ind1=" ">
      <subfield code="a">Malalties de la boca</subfield>
   </datafield>
   <datafield tag="653" ind2=" " ind1=" ">
      <subfield code="a">HIV-positive persons</subfield>
   </datafield>
   <datafield tag="653" ind2=" " ind1=" ">
      <subfield code="a">Dental implants</subfield>
   </datafield>
   <datafield tag="653" ind2=" " ind1=" ">
      <subfield code="a">Complications (Medicine)</subfield>
   </datafield>
   <datafield tag="653" ind2=" " ind1=" ">
      <subfield code="a">Mouth diseases</subfield>
   </datafield>
   <datafield ind2="0" ind1="0" tag="245">
      <subfield code="a">Long-term outcomes of oral rehabilitation with dental implants in HIV-positive patients: A retrospective case series</subfield>
   </datafield>
</record></metadata></record></GetRecord></OAI-PMH>